[Event "29th ChessOrg Open"]
[Site "Bad Woerishofen GER"]
[Date "2013.03.06"]
[Round "6.12"]
[White "Schelle,A"]
[Black "Pirrot,D"]
[Result "0-1"]
[WhiteElo "2208"]
[BlackElo "2377"]

1.e4 e6 2.d4 d5 3.Nc3 Bb4 4.e5 Ne7 5.a3 Bxc3+ 6.bxc3 c5 7.Qg4 Qc7 8.Qxg7 Rg8
9.Qxh7 cxd4 10.Ne2 Nbc6 11.f4 dxc3 12.Qd3 d4 13.Nxd4 Nxd4 14.Qxd4 Bd7 15.Rg1 Nf5
16.Qf2 Qc6 17.Bd3 Qd5 18.Rb1 Bc6 19.Rb3 O-O-O 20.Rxc3 Kb8 21.g3 Nd4 22.Be3 Nf3+
23.Kd1 Nxg1 24.Bxa7+ Ka8 25.Qxg1 Bb5 26.Bc5 Qa2 27.Qe3 Rd5 28.Bd6 Bxd3 29.cxd3 Rb5
30.Rc2 Qb1+ 31.Qc1 Rh8 32.Bb4 Qb3 33.Ke1 Ka7 34.Qe3+ Ka6 35.Kd1 Rxh2  0-1

[Event "TCh-AUT 2 East 2012-13"]
[Site "Austria AUT"]
[Date "2013.03.09"]
[Round "8.4"]
[White "Wilke,W"]
[Black "Vitouch,A"]
[Result "1/2-1/2"]
[WhiteElo "2249"]
[BlackElo "2338"]

1.e4 e6 2.d4 d5 3.Nc3 Bb4 4.e5 b6 5.a3 Bf8 6.f4 Ne7 7.Be3 Nf5 8.Bf2 h5 9.Bd3 Ba6
10.Nf3 Bxd3 11.Qxd3 Nc6 12.Nd1 Qd7 13.O-O Be7 14.Ne3 Nxe3 15.Qxe3 g6 16.Rfd1 Na5
17.Be1 Nc4 18.Qc1 Qb5 19.b3 Na5 20.a4 Qa6 21.Bh4 Bxh4 22.Nxh4 c5 23.dxc5 bxc5
24.Qe3 Qb6 25.Nf3 Nc6 26.Rab1 Rb8 27.Nd2 Nd4 28.c4 Nf5 29.Qf2 O-O 30.cxd5 exd5
31.h3 Qb4 32.Nf1 d4 33.g4 Ng7 34.Ng3 Qc3 35.Rdc1 Qd3 36.Rd1 Qc3 37.Rdc1 Qd3  1/2-1/2

[Event "TCh-CAT Div Hon 2013"]
[Site "Catalonia ESP"]
[Date "2013.03.09"]
[Round "8.2"]
[White "Fluvia Poyatos,Joa"]
[Black "Perez Mitjans,O"]
[Result "0-1"]
[WhiteElo "2499"]
[BlackElo "2496"]

1.e4 e6 2.d4 d5 3.Nc3 Bb4 4.e5 b6 5.a3 Bxc3+ 6.bxc3 Ne7 7.Qg4 Ng6 8.h4 h5
9.Qd1 Ba6 10.Bg5 Qd7 11.Bxa6 Nxa6 12.a4 Nb8 13.Nf3 Nc6 14.O-O Nge7 15.Qd3 Na5
16.Nd2 Nf5 17.Rfb1 O-O 18.Qe2 f6 19.Qxh5 fxg5 20.hxg5 g6 21.Qxg6+ Ng7 22.g3 Nc4
23.Kg2 Nxd2 24.Rh1 Rxf2+ 25.Kxf2 Qf7+ 26.Qxf7+ Kxf7 27.Kg2 Kg6 28.Rh6+ Kxg5
29.Rah1 Ne4 30.Rh7 Kg6 31.c4 c6 32.R7h6+ Kg5 33.Rh7 Nf5 34.Rc7 Nexg3 35.Rhh7 Kf4
36.Rxc6 Rg8 37.cxd5 Ne4+ 38.Kf1 Ne3+ 39.Ke2 Rg2+ 40.Ke1 Ng5 41.Rf7+ Nxf7
42.Rxe6 Ng5  0-1

[Event "TCh-NED Meesterklasse 2012-13"]
[Site "Netherland NED"]
[Date "2013.03.09"]
[Round "7.6"]
[White "Van der Weide,K"]
[Black "Miedema,D"]
[Result "0-1"]
[WhiteElo "2451"]
[BlackElo "2373"]

1.e4 e6 2.d4 d5 3.Nc3 Bb4 4.e5 Ne7 5.a3 Bxc3+ 6.bxc3 c5 7.Nf3 Nbc6 8.Bd3 Bd7
9.O-O Qc7 10.Re1 h6 11.a4 g5 12.Ba3 c4 13.Bf1 Ng6 14.h3 O-O-O 15.Qd2 Rdg8
16.Nh2 h5 17.Qxg5 Ngxe5 18.Qf4 Ng6 19.Qxc7+ Kxc7 20.Nf3 a5 21.h4 Nce7 22.Bc1 f6
23.g3 Nf5 24.Bg2 Nd6 25.Nd2 Nc8 26.Nf1 Nb6 27.Bd2 Re8 28.Ne3 Nxa4 29.Bf3 b5
30.Ng2 Kd6 31.Nf4 Nxf4 32.Bxf4+ e5 33.dxe5+ fxe5 34.Bg5 Bf5 35.Ra2 Bg6 36.Bg2 Nxc3
37.Rxa5 Ra8 38.Bf6 Rxa5 39.Bxe5+ Kc5 40.Bxh8 b4 41.Bf3 Ra2 42.g4 hxg4 43.Bxg4 Rxc2
44.h5 Bd3 45.Re8 b3 46.Rc8+ Kb4 47.h6 b2 48.Rb8+ Nb5  0-1

[Event "83rd ch-URU 2013"]
[Site "Montevideo URU"]
[Date "2013.03.12"]
[Round "2.6"]
[White "Larrea,M"]
[Black "Sanguinetti,L"]
[Result "1-0"]
[WhiteElo "2266"]
[BlackElo "2245"]

1.e4 e6 2.d4 d5 3.Nc3 Bb4 4.e5 Ne7 5.a3 Bxc3+ 6.bxc3 b6 7.Qg4 Ng6 8.h4 h5
9.Qg3 Ba6 10.Ne2 Qd7 11.a4 Bc4 12.Nf4 Nxf4 13.Bxf4 g6 14.Bg5 Qc6 15.Rh3 Nd7
16.Qf4 Bxf1 17.Kxf1 Qc4+ 18.Kg1 c5 19.Rf3 Rh7 20.Qd2 Rc8 21.Ra3 Rh8 22.Rd3 Kf8
23.Qf4 Ke8 24.Qc1 Kf8 25.Qb2 Kg7 26.Qb5 Qxb5 27.axb5 Rc7 28.Rd1 f6 29.exf6+ Nxf6
30.Rda1 cxd4 31.Rxa7 Rc8 32.cxd4 Kf7 33.R1a6 Nd7 34.c3 Ke8 35.Rxc7 Rxc7 36.Bd2 Kf7
37.f3 Kf6 38.g3 Kf7 39.Kf2 Rc4 40.Ke2 Rc7 41.Kd3 Kf6 42.Ra8 e5  1-0

[Event "86th ch-St Petersburg"]
[Site "St Petersburg RUS"]
[Date "2013.03.12"]
[Round "2.4"]
[White "Lobanov,Sergei"]
[Black "Usmanov,V"]
[Result "1/2-1/2"]
[WhiteElo "2148"]
[BlackElo "2369"]

1.e4 e6 2.d4 d5 3.Nc3 Bb4 4.e5 Ne7 5.Qg4 O-O 6.Bd3 c5 7.Nf3 Ng6 8.dxc5 Nc6
9.Bd2 f5 10.exf6 Qxf6 11.Qh5 Nce5 12.Nxe5 Qxe5+ 13.Qxe5 Nxe5 14.O-O Bxc5
15.Rae1 Nxd3 16.cxd3 Bd7 17.Re2 Rf5 18.Rc1 Raf8 19.Nd1 Bb6 20.Bb4 R8f6 21.Bc5 Bxc5
22.Rxc5 d4 23.Rc4 e5 24.Rc5 Rc6 25.Rxc6 Bxc6 26.f3 Kf7 27.b4 Ke6 28.Nb2 b5
29.Rc2 Kd6 30.Kf2 Rf7 31.Kg3 a5 32.bxa5 Ra7 33.a4 Rxa5 34.axb5 Bxb5 35.f4 Ba6
36.fxe5+ Rxe5 37.Kf4 Re3 38.h4 Kd5 39.Rc7 Re2 40.Na4 Kd6 41.Rxg7 Bxd3 42.Rg8 Rf2+
43.Kg3 Ra2 44.Nb6 Kc6 45.Nc8 Bc4 46.Rd8 d3 47.Ne7+ Kc5 48.Nf5 d2 49.Ne3 Be2
50.Kf4 h5 51.Rd5+ Kb4 52.g4 hxg4 53.h5 Kc3 54.h6 Ra4+ 55.Kg5 g3 56.h7 Ra8
57.Kh6 g2 58.Nxg2 Bd3 59.Ne3 Ra6+ 60.Kg7 Ra7+ 61.Kf8 Bxh7 62.Nd1+ Kc2 63.Ne3+ Kc1
64.Rc5+ Kb2 65.Rd5 Kc3 66.Nd1+ Kc2 67.Ne3+ Kc1 68.Rc5+ Kb1 69.Rd5 Ra2 70.Nc4 Ra8+
71.Kg7 Bg8 72.Nxd2+ Kc2 73.Rd6  1/2-1/2

[Event "Karpos Open 2013"]
[Site "Skopje MKD"]
[Date "2013.03.16"]
[Round "9.34"]
[White "Stamnov,A"]
[Black "Haznedaroglu,K"]
[Result "0-1"]
[WhiteElo "2156"]
[BlackElo "2428"]

1.e4 e6 2.d4 d5 3.Nc3 Bb4 4.e5 b6 5.Qg4 Bf8 6.Bg5 Qd7 7.Nf3 Ba6 8.Bxa6 Nxa6
9.a3 h6 10.Be3 Ne7 11.h4 h5 12.Qh3 Nf5 13.g4 hxg4 14.Qxg4 O-O-O 15.Bg5 Re8
16.h5 c5 17.Rh3 Kb7 18.Be3 Rc8 19.dxc5 Nxe3 20.fxe3 Rxc5 21.Rd1 f5 22.exf6 gxf6
23.e4 f5 24.exf5 exf5 25.Qg2 Nc7 26.Nd4 Bg7 27.Kf1 Rc4 28.Nde2 Bxc3 29.Nxc3 Rf4+
30.Ke1 Qc6 31.Kd2 Qh6 32.Kd3 Re8 33.Rf1 Rg4 34.Qf3 Ree4 35.Ne2 Ne6 36.c3 Ng5
37.Qxf5 Qc6 38.Nd4 Rxd4+ 39.cxd4 Qc4+  0-1

[Event "TCh-CZE Div1 Zapad 2012-13"]
[Site "Czech Republic CZE"]
[Date "2013.03.17"]
[Round "9.6"]
[White "Markovic,Milan CZE"]
[Black "Lahner,J"]
[Result "0-1"]
[WhiteElo "2194"]
[BlackElo "2291"]

1.e4 e6 2.d4 d5 3.Nc3 Bb4 4.e5 Ne7 5.a3 Bxc3+ 6.bxc3 c5 7.Qg4 O-O 8.Bd3 Nbc6
9.Nf3 f5 10.exf6 Rxf6 11.Bg5 e5 12.Qg3 Rxf3 13.gxf3 c4 14.Be2 Qa5 15.Bd2 exd4
16.cxd4 c3 17.Be3 Bf5 18.Rc1 Qxa3 19.O-O Qb2 20.Bd3 Bxd3 21.cxd3 c2 22.Qd6 Qc3
23.Qc5 Qxc5 24.dxc5 Nb4 25.Bd2 Nec6 26.d4 a5 27.Be3 a4 28.Ra1 a3 29.Rfc1 a2
30.Kf1 Ra4 31.Ke2 Ra3 32.Kd2 Rd3+ 33.Ke2 Rb3 34.Kd2 Rd3+ 35.Ke2 Nxd4+ 36.Bxd4 Rxd4
37.Rg1 Rc4 38.Kd2 Rxc5  0-1

[Event "25th Metropolitan IM"]
[Site "Los Angeles USA"]
[Date "2013.03.22"]
[Round "6"]
[White "Viswanadha,Kesav"]
[Black "Duckworth,W"]
[Result "1-0"]
[WhiteElo "2149"]
[BlackElo "2256"]

1.e4 e6 2.d4 d5 3.Nc3 Bb4 4.e5 b6 5.a3 Bf8 6.Nf3 Qd7 7.Bb5 c6 8.Ba4 Ba6 9.Ne2 Bb5
10.Bb3 c5 11.c3 Nc6 12.O-O Nge7 13.Re1 Na5 14.Bc2 Bxe2 15.Rxe2 c4 16.Be3 h6
17.Nd2 g6 18.Re1 Bg7 19.Qe2 Rc8 20.Rac1 Rc7 21.g3 Nf5 22.g4 Ne7 23.f4 h5
24.h3 Kd8 25.Nf3 Kc8 26.Ng5 Qe8 27.Kg2 Kb7 28.Rh1 Bh6 29.Nf3 Qd7 30.Kf2 Rcc8
31.Rcf1 Rcg8 32.Ke1 Nac6 33.Kd2 Qc8 34.Nh4 Bf8 35.Qf2 Nd8 36.f5 hxg4 37.hxg4 gxf5
38.gxf5 Bh6 39.Bxh6 Rxh6 40.f6 Nec6 41.Nf5 Rxh1 42.Nd6+ Kb8 43.Nxc8 Rxf1
44.Qxf1 Kxc8 45.Ke3 Nb7 46.Kf4 Kc7 47.Bh7 Rd8 48.Kg5 Rd7 49.Kh6 b5 50.Kg7 Kb6
51.Bg8 a5 52.Qd1 b4 53.a4 Nbd8 54.Qh5 Kc7 55.Bxf7 Nxd4 56.cxd4 Nxf7 57.Qxf7 Rxf7+
58.Kxf7 c3 59.bxc3 b3 60.Kxe6 b2 61.f7 b1=Q 62.f8=Q Qg6+ 63.Qf6 Qg4+ 64.Kxd5 Qg3
65.Qd6+ Kc8 66.Qa6+ Kb8 67.c4 Qf3+ 68.Kc5 Qa3+ 69.Kb6 Qb4+ 70.Qb5 Kc8 71.d5 Kd8
72.Kc6 Ke8  1-0

[Event "TCh-AUT 2012-13"]
[Site "St.Veit AUT"]
[Date "2013.03.22"]
[Round "9.2"]
[White "Tuncer,U"]
[Black "Dizdar,G"]
[Result "1/2-1/2"]
[WhiteElo "2328"]
[BlackElo "2499"]

1.e4 e6 2.d4 d5 3.Nc3 Bb4 4.e5 Ne7 5.a3 Bxc3+ 6.bxc3 c5 7.Nf3 b6 8.a4 Ba6
9.Bxa6 Nxa6 10.Qe2 Nb8 11.Ba3 Nd7 12.O-O Qc7 13.Rfe1 O-O 14.Qd3 h6 15.h4 Rac8
16.h5 Rfe8 17.a5 bxa5 18.Re2 cxd4 19.cxd4 Qc3 20.Qxc3 Rxc3 21.Bxe7 Rxe7 22.Rxa5 Nb8
23.Ra2 Rec7 24.Rb2 Nc6 25.Re3 Rc4 26.c3 Ra4 27.Rb3 Ra2 28.g4 a5 29.g5 Ne7
30.gxh6 Nf5 31.Rb8+ Kh7 32.hxg7 Kxg7 33.Rd3 Ra3 34.Nh2 Raxc3 35.Rxc3 Rxc3
36.Ng4 a4 37.Nf6 a3 38.Rg8+ Kh6 39.Rh8+ Kg5 40.Rg8+ Kf4 41.Kg2 Nh4+ 42.Kh2 a2
43.Ra8 Rc2 44.h6 Rxf2+ 45.Kh3 Rf1 46.Rxa2 Rh1+ 47.Rh2 Rxh2+ 48.Kxh2 Ke3 49.Kh3 Ng6
50.Kg4 Kxd4 51.h7 Kxe5 52.Kg5 Kd6 53.Kh6 Ke7 54.Kg7 d4 55.Ng8+ Ke8 56.Nf6+ Ke7
57.Ng8+ Ke8 58.Nf6+  1/2-1/2

[Event "44th Marcel Duchamp"]
[Site "Buenos Aires ARG"]
[Date "2013.03.23"]
[Round "1.22"]
[White "Mussanti,D"]
[Black "Farace,Daniel"]
[Result "1-0"]
[WhiteElo "2314"]
[BlackElo "1876"]

1.e4 e6 2.d4 d5 3.Nc3 Bb4 4.e5 Qd7 5.Qg4 f5 6.Qg3 b6 7.Ne2 Nc6 8.Bd2 Bb7
9.O-O-O O-O-O 10.a3 Bf8 11.Bg5 Nge7 12.Nf4 g6 13.h4 Rg8 14.Be2 h6 15.Bf6 Re8
16.Bb5 a6 17.Bxc6 Nxc6 18.Nxg6 Na5 19.Nxf8 Rexf8 20.Qf3 Rg4 21.b3 c5 22.Qe3 Qc7
23.dxc5 Qxc5 24.Qxc5+ bxc5 25.Na4 Rxa4 26.bxa4 h5 27.Be7 Rg8 28.Bxc5 Bc6
29.Be3 Nc4 30.Bg5 Kd7 31.Rde1 Bxa4 32.Rh3 Rb8 33.Rc3 Rb7 34.f3 Ke8 35.g4 hxg4
36.fxg4 fxg4 37.Rg1 Rg7 38.Bf6 Rh7 39.Rxg4 Rh5 40.Rgxc4 dxc4 41.Rxc4 Bb5
42.Rc7 Kf8 43.c4 Ba4 44.Bg5 Kg8 45.Ra7 Bb3 46.c5 Bd5 47.Rxa6 Rh7 48.Kd2 Rc7
49.Be3 Rh7 50.Bf2 Rc7 51.Kc3 Kf7 52.h5 Ke7 53.h6 Kd8 54.c6 Rh7 55.Ra8+  1-0

[Event "TCh-CZE Extraliga 2012-13"]
[Site "Czech Republic CZE"]
[Date "2013.03.23"]
[Round "7.2"]
[White "Fedorov,Alex"]
[Black "Petrik,T"]
[Result "1/2-1/2"]
[WhiteElo "2590"]
[BlackElo "2534"]

1.e4 e6 2.d4 d5 3.Nc3 Bb4 4.e5 Ne7 5.a3 Bxc3+ 6.bxc3 c5 7.h4 Qc7 8.h5 h6
9.Nf3 b6 10.Bb5+ Bd7 11.Bd3 Ba4 12.O-O c4 13.Be2 Nbc6 14.Nh4 O-O-O 15.Bg4 Qd7
16.g3 Kb7 17.Re1 Qe8 18.Bh3 Qg8 19.Ng2 Qh7 20.Re2 Rhg8 21.Qd2 Rde8 22.Ne3 Rgf8
23.Bb2 Ng8 24.f4 g6 25.Rg2 f5 26.hxg6 Qxg6 27.g4 fxg4 28.Rxg4 Qh5 29.Qg2 Nge7
30.Rf1 Ka6 31.Rg7 Nf5 32.Bxf5 Rxf5 33.Nxf5 Qxf5 34.Qg6 Ne7 35.Qf7 Qxf7 36.Rxf7 Bxc2
37.Kf2 Nf5 38.Rc1 Be4 39.Rg1 h5 40.Rh7 h4 41.Rg5 Ra8 42.Rgh5 Ng3 43.Rh8 Nxh5
44.Rxa8 Nxf4 45.Kg1 Nd3 46.Ba1 Bf5 47.Rf8 Nf4 48.Rf7 h3 49.Bb2 Ng6 50.Kh2 b5
51.Bc1 Kb6 52.Kg3 a6 53.a4 Ka5 54.axb5 axb5 55.Ra7+ Kb6 56.Rf7 b4 57.cxb4 c3
58.Bg5 Kb5 59.Rb7+ Kc4 60.b5 Kxd4 61.Rc7 Nxe5 62.Bf6 Bd3 63.b6 Ba6 64.b7 Bxb7
65.Rxb7 Ke4 66.Rb1 Nf3 67.Bxc3 h2 68.Kg2 d4 69.Ba5 e5 70.Rf1 d3 71.Rf2 Nd4
72.Kxh2 Nb3 73.Bb4 Ke3 74.Rb2 Nd4 75.Bd2+ Ke2 76.Bc3+ Nc2 77.Bxe5 d2 78.Rxc2 Kd3
79.Rxd2+ Kxd2  1/2-1/2

[Event "44th Marcel Duchamp"]
[Site "Buenos Aires ARG"]
[Date "2013.03.25"]
[Round "4.8"]
[White "Dimuro,M"]
[Black "Rodriguez Vila,A"]
[Result "0-1"]
[WhiteElo "2274"]
[BlackElo "2503"]

1.e4 e6 2.d4 d5 3.Nc3 Bb4 4.e5 Ne7 5.a3 Bxc3+ 6.bxc3 b6 7.Qg4 Ng6 8.h4 h5
9.Qd1 Qd7 10.a4 Ba6 11.Bxa6 Nxa6 12.Ne2 Qc6 13.Bg5 Qc4 14.O-O c5 15.f4 Ne7
16.Bxe7 Kxe7 17.f5 Nc7 18.Qd2 Raf8 19.f6+ gxf6 20.exf6+ Kd7 21.Nf4 Kc8 22.Qe3 Rhg8
23.a5 b5 24.Rf3 Rg4 25.Qe5 Rfg8 26.Qxh5 cxd4 27.Qe5 Rxh4 28.Qxd4 Rgh8 29.Kf2 R8h6
30.Qe5 Qe4 31.Re1 Qxe5 32.Rxe5 Rxf6 33.Ke3 Kd7 34.Rg5 Kd6 35.Nd3 Rxf3+ 36.gxf3 Ra4
37.Rg7 f6 38.Rf7 Rxa5 39.Rxf6 d4+  0-1

[Event "Asian Juniors 2013"]
[Site "Sharjah UAE"]
[Date "2013.04.01"]
[Round "3.5"]
[White "Grover,S"]
[Black "Tran Tuan Minh"]
[Result "1-0"]
[WhiteElo "2467"]
[BlackElo "2310"]

1.e4 e6 2.d4 d5 3.Nc3 Bb4 4.e5 b6 5.a3 Bxc3+ 6.bxc3 Qd7 7.Qg4 f5 8.Qg3 Ba6
9.Bxa6 Nxa6 10.Ne2 Kf7 11.h4 Qa4 12.h5 c5 13.h6 g6 14.Qh4 cxd4 15.cxd4 Nb4
16.axb4 Qxa1 17.Rh3 Qa4 18.Rc3 Qd7 19.b5 Rc8 20.Rxc8 Qxc8 21.Bg5 Qxc2 22.f3 Qb1+
23.Kf2 Qxb5 24.Bf6 Qd7 25.Bxh8 b5 26.g4 fxg4 27.fxg4 b4 28.Bg7 a5 29.Ke3 Ke8
30.Qe1 Qc6 31.Qf2 Qc8 32.Qf8+ Kd7 33.Qxc8+ Kxc8 34.Bf8 Kd7 35.g5 Ke8 36.Bc5 Kf7
37.Nf4 b3 38.Kd3 a4 39.Kc3 Nxh6 40.gxh6 g5 41.Nh5 Kg6 42.Ng7 Kf7 43.Ba3 g4
44.Kd3  1-0

[Event "TCh-CRO II Liga 2013"]
[Site "Split CRO"]
[Date "2013.04.05"]
[Round "1.3"]
[White "Maras,A"]
[Black "Petrusic,T"]
[Result "0-1"]
[WhiteElo "2107"]
[BlackElo "2267"]

1.e4 e6 2.d4 d5 3.Nc3 Bb4 4.e5 Ne7 5.a3 Bxc3+ 6.bxc3 c5 7.f4 Nbc6 8.Nf3 Qa5
9.Bd2 c4 10.Be2 Bd7 11.O-O O-O-O 12.Qb1 f6 13.Qb2 b6 14.Be1 Nf5 15.Bf2 h5
16.Nh4 Nce7 17.exf6 gxf6 18.Qb4 Qa4 19.Nxf5 Nxf5 20.Qb2 Rdg8 21.Rab1 Rg6
22.Kh1 h4 23.Qc1 Qc6 24.Bf3 Qd6 25.Qd2 Qf8 26.Rfe1 Qg7 27.h3 Rg8 28.Rg1 Qh6
29.Be3 Kc7 30.Rbe1 R8g7 31.Kh2 Qh8 32.Bf2 Qg8 33.Ra1 Bc6 34.Rae1 Kb7 35.Qe2 Re7
36.Bg4 Ng3 37.Bxg3 hxg3+ 38.Kh1 Rxg4 39.Rgf1 Rh4 40.Kg1 e5 41.a4 e4 42.a5 b5
43.a6+ Kc7 44.Qd1 Reh7 45.Qc1 Qh8 46.Qa3 Rxh3 47.gxh3 Rxh3 48.Qe7+ Bd7  0-1

[Event "15th Dubai Open 2013"]
[Site "Dubai UAE"]
[Date "2013.04.13"]
[Round "7.21"]
[White "Salem,AR"]
[Black "Praveen Kumar,C1"]
[Result "1-0"]
[WhiteElo "2530"]
[BlackElo "2312"]

1.e4 e6 2.d4 d5 3.Nc3 Bb4 4.e5 b6 5.Qg4 Bf8 6.Nf3 Qd7 7.Bd3 Ba6 8.O-O Ne7
9.Ne2 Bxd3 10.cxd3 Nbc6 11.Bd2 g6 12.Rac1 Bg7 13.Rc2 Rc8 14.Rfc1 O-O 15.Qh3 f6
16.exf6 Bxf6 17.Bf4 Rf7 18.a3 a5 19.g3 a4 20.Rc3 Rb8 21.Bg5 Rc8 22.Bf4 Rb8
23.Bg5 Rc8 24.Bxf6 Rxf6 25.Nf4 Rf5 26.Qh6 e5 27.dxe5 Nxe5 28.Nxe5 Rxe5 29.d4 Nf5
30.Qh3 Re4 31.Rc6 Qf7 32.Rxb6 Rce8 33.Rbc6 R8e7 34.R6c5 Nxd4 35.Rd1 Rxf4
36.gxf4 Qxf4 37.Rxd5 Nf3+ 38.Kg2 Rf7 39.Rd8+ Kg7 40.R8d7 Ng5 41.Rxf7+ Nxf7
42.Qc3+ Kg8 43.h3 Ne5 44.Re1  1-0

[Event "4th LUCOPEN 2013"]
[Site "Lille FRA"]
[Date "2013.04.13"]
[Round "1.15"]
[White "Briet,G"]
[Black "Gorovets,A"]
[Result "0-1"]
[WhiteElo "2089"]
[BlackElo "2471"]

1.e4 e6 2.d4 d5 3.Nc3 Bb4 4.e5 Ne7 5.a3 Bxc3+ 6.bxc3 b6 7.Bg5 h6 8.Bxe7 Qxe7
9.Qg4 O-O 10.h4 f5 11.Qf4 Ba6 12.Bxa6 Nxa6 13.h5 c5 14.Nf3 cxd4 15.cxd4 Rac8
16.Qd2 Rc4 17.Rh3 Qf7 18.Ng1 f4 19.Qd3 Qe8 20.Ne2 Rf5 21.Kd2 Qa4 22.Rg1 Rf7
23.g4 f3 24.Rxf3 Rxf3 25.Qxf3 Qxc2+ 26.Ke3 Rc7 27.Qg2 Qb3+  0-1

[Event "4th LUCOPEN 2013"]
[Site "Lille FRA"]
[Date "2013.04.16"]
[Round "5.12"]
[White "Kerigan,D"]
[Black "Gorovets,A"]
[Result "1/2-1/2"]
[WhiteElo "2256"]
[BlackElo "2471"]

1.e4 e6 2.d4 d5 3.Nc3 Bb4 4.e5 Ne7 5.a3 Bxc3+ 6.bxc3 b6 7.Qg4 Ng6 8.h4 h5
9.Qg3 Ba6 10.Bxa6 Nxa6 11.Ne2 Qd7 12.a4 O-O-O 13.Qd3 Kb7 14.Bg5 Rc8 15.O-O c5
16.f4 cxd4 17.cxd4 Nb4 18.Qb3 Rc4 19.c3 Nc6 20.a5 b5 21.Qxb5+ Ka8 22.Qb1 Nge7
23.Bxe7 Nxe7 24.Qd3 g6 25.Rfb1 Nc6 26.Nc1 Rb8 27.Nb3 Qc8 28.a6 Rb6 29.Nc5 Nb8
30.Rxb6 axb6 31.a7 Nd7 32.Nxd7 Qxd7 33.Qb1 Qc7 34.Ra3 Rxc3 35.Rxc3 Qxc3 36.Qxb6 Qe1+
37.Kh2 Qxh4+  1/2-1/2

[Event "4th LUCOPEN 2013"]
[Site "Lille FRA"]
[Date "2013.04.17"]
[Round "7.6"]
[White "Das,Arg"]
[Black "Arizmendi Martinez,J"]
[Result "1/2-1/2"]
[WhiteElo "2484"]
[BlackElo "2572"]

1.e4 e6 2.d4 d5 3.Nc3 Bb4 4.e5 Ne7 5.a3 Bxc3+ 6.bxc3 b6 7.Qg4 Ng6 8.h4 h5
9.Qg3 Ba6 10.Bxa6 Nxa6 11.a4 Nb8 12.Bg5 Qc8 13.Ne2 Qa6 14.Qe3 c5 15.f4 Nc6
16.dxc5 Qc4 17.cxb6 axb6 18.Qd3 Rxa4 19.Qxc4 Rxc4 20.Ra8+ Kd7 21.Rxh8 Nxh8
22.g4 hxg4 23.h5 d4 24.Kf2 dxc3 25.Ra1 Nb4 26.Ra7+ Rc7 27.Rxc7+ Kxc7 28.Be7 Nxc2
29.Bf8 g3+ 30.Kg1 b5 31.Bxg7 Ng6 32.hxg6 fxg6 33.Nxc3 b4 34.Na4 Kc6 35.Bf8 Kb5
36.Nc5 Nd4 37.Kg2 b3 38.Nxb3 Nxb3 39.Kxg3 Nd2 40.Kg4 Kc4 41.Kg5 Kd5 42.Kxg6 Nf3
43.Ba3  1/2-1/2

[Event "ch-ESP University 2013"]
[Site "Badajoz ESP"]
[Date "2013.04.18"]
[Round "8.4"]
[White "Almagro Llamas,P"]
[Black "Martin Fuentes,A"]
[Result "0-1"]
[WhiteElo "2442"]
[BlackElo "2301"]

1.e4 e6 2.d4 d5 3.Nc3 Bb4 4.e5 Ne7 5.Bd2 b6 6.h4 Nf5 7.Nf3 Ba6 8.Bxa6 Nxa6
9.Qe2 Bxc3 10.Bxc3 Nb8 11.h5 h6 12.g4 Ne7 13.Nh4 c5 14.f4 Nbc6 15.f5 Qc7
16.O-O-O cxd4 17.Bd2 Qxe5 18.Qxe5 Nxe5 19.Rde1 N5c6 20.fxe6 fxe6 21.Rxe6 Kd7
22.Rhe1 Rae8 23.Bf4 Nc8 24.Rxe8 Rxe8 25.Rxe8 Kxe8 26.Nf5 Kf7 27.Kd2 N8e7
28.Nd6+ Ke6 29.a3 Ne5 30.Nb5 N7c6 31.Nc7+ Kd7 32.Nxd5 Nxg4 33.Kd3 Ke6 34.Nc7+ Kf5
35.Bd2 Nf6 36.Kc4 Ne5+ 37.Kb5 Nxh5 38.Ka6 g5 39.Kxa7 Nd7 40.Nd5 b5 41.Ka6 g4
42.Be1 Nf4 43.Ne7+ Ke6 44.Ng8 h5 45.Kxb5 Ng2 46.Bf2 h4 47.Nh6 g3  0-1

[Event "TCh-HUN 2012-13"]
[Site "Budapest HUN"]
[Date "2013.04.21"]
[Round "9"]
[White "Groszpeter,A"]
[Black "Sipos,I"]
[Result "1/2-1/2"]
[WhiteElo "2481"]
[BlackElo "2459"]

1.e4 e6 2.d4 d5 3.Nc3 Bb4 4.e5 Ne7 5.a3 Bxc3+ 6.bxc3 c5 7.Qg4 cxd4 8.Qxg7 Rg8
9.Qxh7 Qc7 10.Ne2 Nbc6 11.f4 dxc3 12.Qd3 d4 13.Nxd4 Nxd4 14.Qxd4 Bd7 15.Rg1 Nf5
16.Qf2 Qc6 17.Bd3 Qd5 18.a4 Bc6 19.Ra3 O-O-O 20.Rxc3 Kb8 21.Qc5 Rxg2 22.Qxd5 Rxg1+
23.Kf2 Rdg8 24.Qd8+ Rxd8 25.Kxg1 Rg8+ 26.Kf1 Rh8 27.Bxf5 exf5 28.h3 Bxa4
29.Ba3 Bc6  1/2-1/2

[Event "48th Capablanca Open II 2013"]
[Site "Havana CUB"]
[Date "2013.04.21"]
[Round "1.11"]
[White "Lopez Raygoza,Luis Albert"]
[Black "Pozo Bravo,J"]
[Result "0-1"]
[WhiteElo "1994"]
[BlackElo "2214"]

1.e4 e6 2.d4 d5 3.Nc3 Bb4 4.e5 Qd7 5.Nf3 b6 6.a3 Bxc3+ 7.bxc3 Ba6 8.Bxa6 Nxa6
9.O-O Nb8 10.a4 Nc6 11.Ba3 Nge7 12.Qe2 Na5 13.Nd2 Nf5 14.Bb4 Nc6 15.Nf3 a5
16.Ba3 Na7 17.c4 Qxa4 18.cxd5 Qd7 19.dxe6 fxe6 20.d5 Qxd5 21.Rfd1 Qc6 22.Nd4 Nxd4
23.Rxd4 Nb5 24.Rc4 Qb7 25.Qh5+ Kd8 26.Rd1+ Kc8 27.Be7 Kb8 28.Qf7 Qc8 29.Rb1 Qd7
30.Qf3 Qxe7 31.Rxb5 Rd8 32.h3 Qd7 33.Qb3 Kb7 34.Qg3 Ka7 35.Rb1 Rac8 36.Qc3 c5
37.Qb3 Qc6 38.Rg4 Rc7 39.c4 Rcd7 40.Rg3 Qc7 41.Rf3 Rb8 42.Qb5 Rb7 43.Re3 Qd8
44.Qb3 Rd2 45.Rbe1 Rbd7 46.Kh2 Rxf2  0-1

[Event "48th Capablanca Open II 2013"]
[Site "Havana CUB"]
[Date "2013.04.27"]
[Round "6.3"]
[White "Quesda Chow,I"]
[Black "Ibanez Milian,D"]
[Result "1-0"]
[WhiteElo "2217"]
[BlackElo "2136"]

1.e4 e6 2.d4 d5 3.Nc3 Bb4 4.e5 Qd7 5.a3 Bxc3+ 6.bxc3 b6 7.Qg4 f5 8.Qg3 Ba6
9.Bxa6 Nxa6 10.Ne2 c5 11.O-O Kf7 12.c4 dxc4 13.d5 Qxd5 14.Bg5 Re8 15.Rad1 Qb7
16.Rd6 Ne7 17.Rfd1 Nb8 18.Qh4 Ng6 19.Qxc4 Nxe5 20.Qc3 Ng6 21.Ng3 h6 22.Nh5 Rh7
23.Nf6 hxg5 24.Nxh7 Nf4 25.Nxg5+ Kg6 26.Qf3 Qxf3 27.Nxf3 Re7 28.Re1 Nd7 29.g3 Nh3+
30.Kg2 Ng5 31.Nxg5 Kxg5 32.Rexe6 Rf7 33.f3 Nf6 34.h4+ Kh5 35.Kh3 Kg6 36.g4 fxg4+
37.fxg4  1-0

[Event "48th Capablanca Open I 2013"]
[Site "Havana CUB"]
[Date "2013.04.28"]
[Round "7.5"]
[White "Garcia Pantoja,R"]
[Black "Nogueiras Santiago,J"]
[Result "1/2-1/2"]
[WhiteElo "2425"]
[BlackElo "2493"]

1.e4 e6 2.d4 d5 3.Nc3 Bb4 4.e5 Ne7 5.a3 Bxc3+ 6.bxc3 c5 7.Nf3 Qc7 8.a4 b6
9.Bb5+ Bd7 10.Bd3 Nbc6 11.O-O h6 12.Re1 O-O 13.Ba3 Na5 14.Nd2 Bxa4 15.dxc5 bxc5
16.Qg4 Be8 17.c4 Nxc4 18.Nxc4 dxc4 19.Qxc4 Rc8  1/2-1/2

[Event "Zonal 2.4 Absoluto 2013"]
[Site "Manaus BRA"]
[Date "2013.04.28"]
[Round "2.15"]
[White "Macedo Jr,Levy Salviano de"]
[Black "Gallo Ponce,E"]
[Result "0-1"]
[WhiteElo "2041"]
[BlackElo "2233"]

1.e4 e6 2.d4 d5 3.Nc3 Bb4 4.e5 b6 5.Qg4 Bf8 6.Nh3 Qd7 7.Bd2 Ne7 8.O-O-O Nbc6
9.Be1 Bb7 10.Kb1 Nf5 11.Ng5 O-O-O 12.h4 f6 13.Nf3 h5 14.Qf4 Kb8 15.Bb5 a6
16.Be2 Be7 17.Qc1 Qe8 18.a3 Qg6 19.Rh2 Nh6 20.b4 Ng4 21.Rh3 fxe5 22.b5 axb5
23.Nxb5 exd4 24.Nfxd4 Nxd4 25.Nxd4 e5 26.Nb5 d4 27.a4 Rhf8 28.a5 Nxf2 29.axb6 cxb6
30.Qa3 Nxd1 31.Bxd1 Rf1 32.Be2 Bxa3 33.Nxa3  0-1

[Event "Old Capital Open 2013"]
[Site "Veliko Tarnovo BUL"]
[Date "2013.05.05"]
[Round "8.12"]
[White "Stoyanov,Tihomir"]
[Black "Maciol,R"]
[Result "1/2-1/2"]
[WhiteElo "2079"]
[BlackElo "2185"]

1.e4 e6 2.d4 d5 3.Nc3 Bb4 4.e5 b6 5.Qg4 Bf8 6.Nh3 Ba6 7.Bxa6 Nxa6 8.O-O Qd7
9.Qe2 Nb4 10.Bg5 h6 11.Bh4 g5 12.Bg3 Ne7 13.Nd1 Nf5 14.c3 Nc6 15.f4 O-O-O
16.Be1 Be7 17.g4 Nh4 18.f5 exf5 19.gxf5 Nxf5 20.Qg4 Ng7 21.Qxd7+ Rxd7 22.Rxf7 Ne6
23.Ne3 g4 24.Nf2 Ncd8 25.Rxe7 Rxe7 26.Nxd5 Rg7 27.Ne4 Ng5 28.Nxg5 hxg5 29.Nf6 Ne6
30.Bg3 Nf4 31.Re1 Rg6 32.Nxg4 Kd7 33.c4 c6 34.Nf6+ Ke6 35.Ne4 Rd8 36.Nd6 Rd7
37.Re3 Rh6 38.Kf2 Rdh7 39.Kf3 Rxh2 40.Ne4 R2h5 41.Nf6 Rf7 42.Nxh5 Nxh5+ 43.Ke4 Nf4
44.Rf3 Ne2 45.Rxf7 Kxf7 46.Bh2 g4 47.e6+ Kxe6 48.Be5 g3 49.d5+ cxd5+ 50.cxd5+ Kd7
51.Kf3 g2 52.Kxg2 Nc1 53.a3 Nd3 54.Bb8 Nxb2 55.Bxa7 Nc4  1/2-1/2

[Event "Old Capital Open 2013"]
[Site "Veliko Tarnovo BUL"]
[Date "2013.05.05"]
[Round "8.2"]
[White "Nikolov,Sas"]
[Black "Katov,L"]
[Result "1-0"]
[WhiteElo "2412"]
[BlackElo "2281"]

1.e4 e6 2.d4 d5 3.Nc3 Bb4 4.e5 Ne7 5.a3 Bxc3+ 6.bxc3 c5 7.Nf3 Nbc6 8.Bd3 Qa5
9.Bd2 c4 10.Be2 Bd7 11.O-O f6 12.Re1 fxe5 13.dxe5 O-O 14.Bf1 Ng6 15.g3 Qc7
16.Qe2 h6 17.Bh3 Rf7 18.Bg4 Raf8 19.a4 Ncxe5 20.Nxe5 Rxf2 21.Nxg6 Rxe2 22.Rxe2 Rf6
23.Ne5 Qb6+ 24.Be3 Qb2 25.Rae1 Bxa4 26.Bd4 h5 27.Bxh5 Kh7 28.h4 a5 29.Ng4 Bd7
30.Bxf6 a4 31.Bd4 a3 32.Rf2 a2 33.Rf7 e5 34.Nf6+  1-0

[Event "Victory Day Open 2013"]
[Site "Moscow RUS"]
[Date "2013.05.18"]
[Round "9.9"]
[White "Smirnov,Timofey"]
[Black "Dogodkina,J"]
[Result "1-0"]
[WhiteElo "1964"]
[BlackElo "2146"]

1.e4 e6 2.d4 d5 3.Nc3 Bb4 4.e5 Ne7 5.a3 Bxc3+ 6.bxc3 c5 7.Qg4 Ng6 8.h4 cxd4
9.cxd4 Qc7 10.Bd2 Nd7 11.c3 h5 12.Qg3 Nb6 13.Bd3 Ne7 14.Qxg7 Rg8 15.Qh7 Nc4
16.Bxc4 Qxc4 17.g3 Bd7 18.Qxh5 Bb5 19.Qe2 Qc6 20.Qf3 Qc4 21.Nh3 O-O-O 22.Nf4 Nc6
23.Rb1 a6 24.Ra1 f6 25.a4 Bxa4 26.exf6 e5 27.Nxd5 Rxd5 28.Rxa4 Qb5 29.Qf5+ Kb8
30.Qc2 Rd6 31.Qa2 Rdd8 32.c4 Qb6 33.d5 Nd4 34.Ba5 Nf3+ 35.Kf1 Qd4 36.Qe2 e4
37.f7 Rgf8 38.Bxd8 Rxd8 39.Kg2 Qf6 40.Qxe4 Ne5 41.Re1 Nxf7 42.Qe7 Qf5 43.Rb4 Qd7
44.Qxd7 Rxd7 45.Re6 Kc7 46.h5 Nd6 47.h6 Rh7 48.Rg6 Nf5 49.Rbb6 Ne7 50.d6+  1-0